Drapeau du monde facile - Statistiques

Statistiques générales
  • Ce quiz a été pris 124 fois
  • Le résultat moyen est 15 sur 16
Statistiques - réponses
Par images Réponse % Correct
France
100%
Italie
99%
Bresil
98%
canada
97%
japon
97%
portugal
97%
royaume uni
97%
allemagne
96%
chine
96%
espagne
96%
maroc
96%
algerie
95%
tunisie
93%
afrique du sud
92%
russie
92%
usa
82%
Aucun quiz correspondant
Distribution des résultats
% des personnes avec chaque résultat
Percentile par nombre de réponses
Votre historique - résultats
Vous n’avez pas pris ce quiz